000 01596nam0a22003971 4500
001 v19\rc\1800714
005 20230118134917.0
035 _a(NLR Aleph) 004903530
090 _a5400770
_c5400770
100 _a20071130d1907 |||y0rusy50 ca
101 1 _arus
_bger
_cdan
102 _aRU
105 _ay z |||||
200 1 _aСовременная философия
_fПер. с нем. А.П. Поливановой
_gПод ред. Д.В. Викторова
_gГаральд Гефдинг
210 _aМосква
_cт-во И.Д. Сытина
_d1907
215 _aXXIV, 268, XVII с., из них 6 с. объявл.
_d20
225 1 _aБиблиотека для самообразования, издаваемая под редакцией А.С. Белкина, Н.Д. Виноградова, А.Э. Вормса [и других]
_v6
532 1 3 _aСовременная философия
700 1 _6z01790
_aГефдинг
_bГ.
_f1843-1931
_gГаральд
702 1 _aПоливанова
_bА. П.
_4730
702 1 _aВикторов
_bД. В.
_f-1918
_gДавид Викторович
_4340
790 1 _6z01700
_aГеффдинг
_bХ.
_f1843-1931
_gХаральд
_3RU\NLR\AUTH\7754839
801 0 _aRU
_bNLR
_gpsbo
801 0 _aRU
_bRuMoRGB
_2psbo
801 1 _aRU
_bProSoft-M
_2rusmarc
852 _aNLR
_j37.23.3.18
899 _aБАН
899 _aНБ СПбГУ
899 _aГПИБ
899 _aНБ МГУ
899 _aRuMoRGB
_jW 448/66
899 _aRuMoRGB
_jU 99/372
899 _aRuMoRGB
_jРб 46/668
942 _cBOOK
980 _aNB